000 00294nam a22001337a 4500
008 180928b xxu||||| |||| 00| 0 eng d
020 _a9780072314991
041 _aeng
080 _212th
_a338
100 _a53
101 _aMNG
245 _aStrategic Management
_cThompson
942 _2udc
_cBK
999 _c48653
_d48653